| 000 | 01592cam a22003614a 4500 | ||
|---|---|---|---|
| 001 | 13249149 | ||
| 003 | NUST - PNEC | ||
| 005 | 20170116180819.0 | ||
| 008 | 030623s2003 enka b 001 0 eng | ||
| 010 | _a 2003047256 | ||
| 020 | _a9780521541442 | ||
| 020 | _a0521541441 (pbk.) | ||
| 040 |
_aDLC _cLIBRARY _dDLC |
||
| 042 | _apcc | ||
| 050 | 0 | 0 |
_aTL709.3.T83 _bC85 2003 |
| 082 | 0 | 0 | _a629.134'35 CUM |
| 100 | 1 | _aCumpsty, N. A. | |
| 245 | 1 | 0 |
_aJet propulsion : a simple guide to the aerodynamics and thermodynamic design and performance of jet engines / _cNicholas Cumpsty. |
| 250 | _a2nd ed. | ||
| 260 |
_aCambridge, U.K. ; _aNew York, NY, USA : _bCambridge University Press, _c2003. |
||
| 300 |
_axv, 303 p. : _bill. ; _c25 cm. |
||
| 504 | _aIncludes bibliographical references (p. [297]-[300]) and index. | ||
| 650 | 0 |
_aAirplanes _xTurbojet engines. |
|
| 650 | 0 |
_aAirplanes _xJet propulsion. _xME |
|
| 650 | 0 |
_aJet engines _xDesign and construction. |
|
| 856 | 4 | 1 |
_3Sample text _uhttp://www.loc.gov/catdir/samples/cam041/2003047256.html |
| 856 | 4 | 2 |
_3Publisher description _uhttp://www.loc.gov/catdir/description/cam032/2003047256.html |
| 856 | 4 | 1 |
_3Table of contents _uhttp://www.loc.gov/catdir/toc/cam032/2003047256.html |
| 856 | 4 | 2 |
_3Contributor biographical information _uhttp://www.loc.gov/catdir/enhancements/fy0732/2003047256-b.html |
| 906 |
_a7 _bcbc _corignew _d1 _eocip _f20 _gy-gencatlg |
||
| 942 |
_2ddc _cBK |
||
| 999 |
_c63632 _d63632 |
||